000
00295nam a22001337a 4500
008
181009b xxu||||| |||| 00| 0 eng d
020
_a
9781111990909
041
_a
eng
080
_2
11th
_a
510
100
_a
38
101
_a
MAT
245
_a
College Algebra
_c
Gustafson,R.D
942
_2
udc
_c
BK
999
_c
49164
_d
49164